| 000 | 01126nam a2200349 i 4500 | ||
|---|---|---|---|
| 001 | 200463460 | ||
| 003 | TR-AnTOB | ||
| 005 | 20250120100816.0 | ||
| 007 | ta | ||
| 008 | 250120b20202020tu b 000 0 tur d | ||
| 020 |
_a9786050506242 _q(paperback) |
||
| 035 | _a(TR-AnTOB)200463460 | ||
| 040 |
_aTR-AnTOB _beng _erda _cTR-AnTOB |
||
| 041 | 0 |
_atur _beng |
|
| 050 | 0 | 4 |
_aKJA2512 _b.Ö9332 2020 |
| 090 |
_aKJA2512 _b.Ö9332 2020 |
||
| 100 | 1 |
_aÖzbay, Ümit Vefa _eauthor _9147909 |
|
| 245 | 1 | 0 |
_aRoma hukukunda ve Türk hukukunda borçlunun sorumlu olmadığı sonraki imkânsızlık / _cDr. Ümit Vefa Özbay. |
| 264 | 1 |
_aAnkara : _bYetkin Yayınları, _c2020. |
|
| 264 | 4 | _c©2020 | |
| 300 |
_a182 pages ; _c24 cm |
||
| 336 |
_atext _btxt _2rdacontent |
||
| 337 |
_aunmediated _bn _2rdamedia |
||
| 338 |
_avolume _bnc _2rdacarrier |
||
| 504 | _aBIB | ||
| 650 | 0 |
_aBorçlar (Roma hukuku) _988211 |
|
| 650 | 7 |
_aSorumluluk (Roma hukuku) _2etuturkob _9147888 |
|
| 650 | 7 |
_aBorçlar (Hukuk) _zTürkiye _2etuturkob _939556 |
|
| 650 | 0 |
_aSorumluluk (Hukuk) _zTürkiye _969977 |
|
| 942 |
_2lcc _cBK |
||
| 999 |
_c200463460 _d81672 |
||